000 00518nam a22001937i 4500
001 3368
003 OSt
005 20170126082317.0
007 tu
008 161220s1996 xxu||||| |||| 00| 0 d
024 7 _a3367
_2RID
040 _cOSt
084 _a19.93
_a19.33
_2z
100 1 _aRutkowski, Jan J.
245 0 0 _aChanges in the Wage Structure During Economic Transition in Central and Eastern Europe
260 _aWashington :
_bWorld Bank,
_c1996.
300 _a55 S. ;
_c30cm.
490 _aWorld Bank Technical Paper
_v340
942 _cB
999 _c3318
_d3318